Proposed additional security feature in using automated teller machine/ (Record no. 77831)
[ view plain ]
| 000 -LEADER | |
|---|---|
| fixed length control field | 02067nam a22002657a 4500 |
| 003 - CONTROL NUMBER IDENTIFIER | |
| control field | URS |
| 005 - DATE AND TIME OF LATEST TRANSACTION | |
| control field | 20240416181806.0 |
| 008 - FIXED-LENGTH DATA ELEMENTS--GENERAL INFORMATION | |
| fixed length control field | 240226b |||||||| |||| 00| 0 eng d |
| 050 00 - LIBRARY OF CONGRESS CALL NUMBER | |
| Classification number | LG 221.R59 Ac72 |
| Item number | 2015 |
| 100 1# - MAIN ENTRY--PERSONAL NAME | |
| Personal name | Acorda, Jennifer D. |
| Relator term | Researcher |
| 245 10 - TITLE STATEMENT | |
| Title | Proposed additional security feature in using automated teller machine/ |
| Statement of responsibility, etc. | Jennifer D. Acorda ; Nathaniel M. Cruz [and] Marlee A. Ramirez |
| 260 #1 - PUBLICATION, DISTRIBUTION, ETC. | |
| Date of publication, distribution, etc. | 2015 |
| 300 ## - PHYSICAL DESCRIPTION | |
| Extent | vii, 62 leaves |
| Other physical details | illustrations |
| Dimensions | 28 cm |
| 336 ## - CONTENT TYPE | |
| Source | rdacontent |
| Content type term | text |
| 337 ## - MEDIA TYPE | |
| Source | rdamedia |
| Media type term | unmediated |
| 338 ## - CARRIER TYPE | |
| Source | rdacarrier |
| Carrier type term | volume |
| 502 ## - DISSERTATION NOTE | |
| Dissertation note | Undergraduate Thesis |
| Degree type | Bachelor of Science in Business Administration Major in Financial Management |
| Name of granting institution | University of Rizal System Rodriguez, Rizal |
| Year degree granted | 2015 |
| 520 ## - SUMMARY, ETC. | |
| Summary, etc. | This study was focused on the proposed additional security feature in using Automated Teller Machine. The subject of the study were different AT cardholders from different banks, 50 cardholders from BPI Family Savings Bank, 50 cardholders from Banco De Oro, 50 cardholders from Rizal Commercial Banking Corporation with the total of 150 respondents. This study tried to determine the profile of the respondents in terms of sex, nature of work, and number of years as AT cardholders. It also measured the acceptability of the respondents on the proposed additional security feature in using automated teller machine from different banks where the study was conducted, and the significant difference on the perceptions of the respondents when they were grouped according to their profile. The researchers utilized the descriptive method of research. Different statistical treatments like frequency and percentage distribution, weighted mean and one-way ANOVA were used. |
| 650 ## - SUBJECT ADDED ENTRY--TOPICAL TERM | |
| Source of heading or term | additional security feature in using Automated teller machine |
| 700 ## - ADDED ENTRY--PERSONAL NAME | |
| Personal name | Nathaniel M. Cruz |
| Relator term | Researcher |
| 700 ## - ADDED ENTRY--PERSONAL NAME | |
| Personal name | Marlee A. Ramirez |
| Relator term | Researcher |
| 700 ## - ADDED ENTRY--PERSONAL NAME | |
| Personal name | Jennelyn G. Mercado, Mba |
| Relator term | Adviser |
| 856 ## - ELECTRONIC LOCATION AND ACCESS | |
| Materials specified | Online Request for Student Unpublished Works |
| Uniform Resource Identifier | <a href="https://forms.gle/7LqvGGkaDrUQqz429">https://forms.gle/7LqvGGkaDrUQqz429</a> |
| 942 ## - ADDED ENTRY ELEMENTS (KOHA) | |
| Source of classification or shelving scheme | Library of Congress Classification |
| Koha item type | Theses and dissertations |
No items available.